000 00593nam a2200181Ia 4500
003 GCL
008 140319s9999 xx 000 0 ara d
040 _aGCL /
_cGCL
082 0 4 _aم
_b235
_bد ك
100 1 _aابى داود سليمان بن الاشعث
245 1 0 _aالكتب الستة و شرحها: سنن ابى داود /
_cابى داود سليمان بن الاشعث
260 _a[S.N] :
_bدار سجنون ،
_c1992
300 _aمتعدد
490 _aيوسف شلالة
_v0
650 0 4 _aشرح الحديث
650 0 4 _aسنن ابى داود
942 _2ddc
_cREF
999 _c59290
_d59290